[Event "MVP-ch Seniors op 15th"]
[Site "Binz"]
[Date "2015.11.29"]
[Round "6.39"]
[White "Rieck, Helmut"]
[Black "Thieme, Hans"]
[Result "1-0"]
[WhiteElo "1753"]
[BlackElo "1991"]
[PlyCount "78"]
[EventDate "2015.11.24"]
[EventType "swiss"]
[EventRounds "9"]
[EventCountry "GER"]
[SourceTitle "EXT 2017"]
[Source "ChessBase"]
[SourceDate "2016.10.25"]
[SourceVersion "1"]
[SourceVersionDate "2016.10.25"]
[SourceQuality "1"]

1. Nf3 Nf6 2. c4 e6 3. Nc3 c5 4. d4 a6 5. g3 b6 6. Bg2 Bb7 7. Bg5 Be7 8. dxc5 bxc5 9. 0-0 0-0 10. Qd3 Qc7 11. e4 d6 12. Rfd1 Nbd7 13. a4 Bc6 14. Ne1 Rab8 15. Qc2 h6 16. Bd2 Rfd8 17. f4 Ne8 18. Rab1 Ndf6 19. Nd3 Qb7 20. Re1 Bf8 21. b4 Qa8 22. b5 Bb7 23. b6 d5 24. cxd5 exd5 25. exd5 Nxd5 26. Nxd5 Bxd5 27. Re2 Bxg2 28. Rxg2 Qd5 29. Ne5 Nd6 30. Be3 Ne4 31. Re2 f5 32. a5 Be7 33. Ree1 Bf6 34. Rbd1 Qe6 35. Rxd8+ Rxd8 36. b7 Bxe5 37. fxe5 Qxe5 38. Bf4 Qd4+ 39. Kg2 Nd6 1-0

[Event "Hessen-ch Seniors op 11th"]
[Site "Bad Sooden-Allendorf"]
[Date "2015.05.15"]
[Round "7"]
[White "Thieme, Hans"]
[Black "Knaak, Joachim"]
[Result "0-1"]
[WhiteElo "2104"]
[BlackElo "2140"]
[PlyCount "102"]
[EventDate "2015.05.09"]
[EventType "swiss"]
[EventRounds "9"]
[EventCountry "GER"]
[SourceTitle "EXT 2018"]
[Source "ChessBase"]
[SourceDate "2017.10.13"]
[SourceVersion "1"]
[SourceVersionDate "2017.10.13"]
[SourceQuality "1"]

1. Nf3 Nf6 2. c4 c6 3. e3 d5 4. b3 e6 5. Nc3 Nbd7 6. Bb2 Be7 7. Qc2 b6 8. Be2 Bb7 9. Rc1 dxc4 10. bxc4 c5 11. 0-0 0-0 12. d3 Qc7 13. h3 Rfd8 14. Rcd1 a6 15. Ne1 Ne5 16. f4 Ng6 17. Bf3 Rd7 18. Bxb7 Qxb7 19. Nf3 Bd6 20. Ne2 Qc7 21. Bc3 e5 22. f5 Ne7 23. e4 Nc6 24. g4 Rad8 25. Be1 Be7 26. Bc3 Nb4 27. Bxb4 cxb4 28. Nc1 b5 29. g5 Nh5 30. Qb2 Bc5+ 31. Kh2 bxc4 32. Ne1 a5 33. Rf3 Nf4 34. Qb1 Qb6 35. Ng2 Nxg2 36. Kxg2 a4 37. Rdf1 Be3 38. Re1 Bxg5 39. dxc4 Rd2+ 40. Kh1 Qb7 41. Nd3 b3 42. Nxe5 Rxa2 43. Rd3 Qc7 44. Red1 Rxd3 45. Qxd3 h6 46. Nf3 Rc2 47. e5 Qxc4 48. e6 Qxd3 49. Rxd3 fxe6 50. Nxg5 hxg5 51. fxe6 Kf8 0-1

[Event "MVP-ch Seniors op 14th"]
[Site "Binz"]
[Date "2014.11.30"]
[Round "6"]
[White "Kirmas, Joachim"]
[Black "Thieme, Hans"]
[Result "1/2-1/2"]
[WhiteElo "1864"]
[BlackElo "2012"]
[PlyCount "40"]
[EventDate "2014.11.25"]
[EventType "swiss"]
[EventRounds "9"]
[EventCountry "GER"]
[SourceTitle "EXT 2016"]
[Source "ChessBase"]
[SourceDate "2015.10.08"]
[SourceVersion "1"]
[SourceVersionDate "2015.10.08"]
[SourceQuality "1"]

1. e4 c5 2. Nf3 e6 3. c3 Nf6 4. e5 Nd5 5. d4 cxd4 6. Qxd4 Nc6 7. Qe4 f5 8. Qe2 b6 9. g3 Be7 10. Bg2 0-0 11. 0-0 Bb7 12. Rd1 a5 13. a3 a4 14. Nd4 Na5 15. Qc2 Nc4 16. Nd2 Qc8 17. Nxc4 Qxc4 18. Bf1 Qc5 19. Bb5 Nc7 20. Qe2 Nxb5 1/2-1/2

[Event "MVP-ch Seniors op 14th"]
[Site "Binz"]
[Date "2014.11.29"]
[Round "5"]
[White "Thieme, Hans"]
[Black "Just, Joachim"]
[Result "1/2-1/2"]
[WhiteElo "2012"]
[BlackElo "1863"]
[PlyCount "28"]
[EventDate "2014.11.25"]
[EventType "swiss"]
[EventRounds "9"]
[EventCountry "GER"]
[SourceTitle "EXT 2016"]
[Source "ChessBase"]
[SourceDate "2015.10.08"]
[SourceVersion "1"]
[SourceVersionDate "2015.10.08"]
[SourceQuality "1"]

1. e4 g6 2. d4 Bg7 3. Nc3 c6 4. Nf3 d5 5. h3 dxe4 6. Nxe4 Nf6 7. Nxf6+ exf6 8. Bd3 Qe7+ 9. Be3 Qb4+ 10. Qd2 Qxd2+ 11. Kxd2 Nd7 12. Rhe1 0-0 13. a4 f5 14. c3 Nf6 1/2-1/2

[Event "GER-chA Seniors 26th"]
[Site "Bad Neuenahr"]
[Date "2014.08.11"]
[Round "7"]
[White "Thieme, Hans"]
[Black "Bartsch, Berthold"]
[Result "0-1"]
[WhiteElo "2129"]
[BlackElo "2243"]
[PlyCount "99"]
[EventDate "2014.08.05"]
[EventType "swiss"]
[EventRounds "9"]
[EventCountry "GER"]
[SourceTitle "EXT 2018"]
[Source "ChessBase"]
[SourceDate "2017.10.13"]
[SourceVersion "1"]
[SourceVersionDate "2017.10.13"]
[SourceQuality "1"]

1. e4 c5 2. Nf3 Nf6 3. e5 Nd5 4. Nc3 Nxc3 5. dxc3 e6 6. Bf4 Qb6 7. b3 Be7 8. Bd3 d5 9. exd6 Bxd6 10. Bxd6 Qxd6 11. Bb5+ Ke7 12. Qxd6+ Kxd6 13. 0-0-0+ Ke7 14. Rhe1 Bd7 15. Bxd7 Nxd7 16. c4 Rad8 17. Re2 Nb8 18. Rde1 Nc6 19. c3 Rd7 20. Kc2 h6 21. h4 g6 22. Nd2 b6 23. Nf1 Rhd8 24. Ne3 Kf8 25. Ng4 Kg7 26. g3 Rd3 27. Nh2 g5 28. hxg5 hxg5 29. Nf1 R3d6 30. Re3 Rh8 31. R3e2 Rh1 32. Rd2 Rxd2+ 33. Kxd2 Kg6 34. Ke2 Kf6 35. Rd1 Ke7 36. Rd2 f5 37. Ne3 Ra1 38. Ng2 Rc1 39. Rd3 Rc2+ 40. Kf1 Rxa2 41. Ne1 Rb2 42. Nf3 g4 43. Nd2 Na5 44. f3 gxf3 45. Nxf3 Nxb3 46. Ne5 a5 47. Ng6+ Kf6 48. Nf4 a4 49. Rd6 a3 50. Rxe6+ 0-1

[Event "Hessen-ch Seniors op 10th"]
[Site "Bad Sooden-Allendorf"]
[Date "2014.05.02"]
[Round "7"]
[White "Hassenrueck, Helmut"]
[Black "Thieme, Hans"]
[Result "1/2-1/2"]
[WhiteElo "2204"]
[BlackElo "2124"]
[PlyCount "84"]
[EventDate "2014.04.26"]
[EventType "swiss"]
[EventRounds "9"]
[EventCountry "GER"]
[SourceTitle "EXT 2018"]
[Source "ChessBase"]
[SourceDate "2017.10.13"]
[SourceVersion "1"]
[SourceVersionDate "2017.10.13"]
[SourceQuality "1"]

1. d4 Nf6 2. Nf3 e6 3. c4 Bb4+ 4. Bd2 Qe7 5. g3 0-0 6. Bg2 Bxd2+ 7. Qxd2 d6 8. Nc3 e5 9. 0-0 Nc6 10. d5 Nb8 11. e4 a5 12. a3 a4 13. Qc2 Bd7 14. Ne1 Ra5 15. Nd3 Na6 16. Rae1 Ra8 17. f4 Nc5 18. Nb4 Nb3 19. f5 b5 20. Nxb5 Bxb5 21. cxb5 Nd4 22. Qc4 Rb8 23. Nc6 Nxc6 24. bxc6 Qd8 25. Rf2 Rb3 26. Bf3 Qb8 27. Qc1 Rab5 28. Ree2 Qb6 29. Kg2 h5 30. h3 Qd4 31. g4 hxg4 32. hxg4 Rc5 33. Qh1 Re3 34. Rxe3 Qxe3 35. Re2 Qg5 36. Qh3 Rc1 37. Qg3 Rb1 38. Rc2 Nh5 39. Qh2 Nf4+ 40. Kg3 Nd3 41. Qd2 Nf4 42. Qh2 Nd3 1/2-1/2

[Event "Hessen-ch Seniors op 10th"]
[Site "Bad Sooden-Allendorf"]
[Date "2014.04.28"]
[Round "3"]
[White "Roos, Hans Goerg"]
[Black "Thieme, Hans"]
[Result "0-1"]
[WhiteElo "1999"]
[BlackElo "2124"]
[PlyCount "98"]
[EventDate "2014.04.26"]
[EventType "swiss"]
[EventRounds "9"]
[EventCountry "GER"]
[SourceTitle "EXT 2018"]
[Source "ChessBase"]
[SourceDate "2017.10.13"]
[SourceVersion "1"]
[SourceVersionDate "2017.10.13"]
[SourceQuality "1"]

1. Nf3 Nf6 2. g3 b5 3. Bg2 Bb7 4. d3 c5 5. e4 d6 6. 0-0 Nbd7 7. Re1 Qc7 8. Nbd2 e6 9. Qe2 Be7 10. a4 a6 11. b3 0-0 12. Bb2 Nb6 13. h3 bxa4 14. bxa4 a5 15. e5 Ne8 16. Ne4 d5 17. Nc3 Qd7 18. Ba3 Bc6 19. Nb5 Nxa4 20. c4 Bxb5 21. cxb5 Nc3 22. Qe3 d4 23. Qf4 Nc7 24. Ng5 Rab8 25. Ne4 N7d5 26. Qg4 Nxe4 27. Bxe4 Rxb5 28. Bc1 f5 29. exf6 Nxf6 30. Qe2 Rfb8 31. g4 Bd8 32. Bg2 R8b6 33. g5 Nd5 34. Bd2 Ra6 35. Be4 g6 36. h4 Rb2 37. Qd1 Bc7 38. Qc1 Rb5 39. Bf3 Qd6 40. Qc4 Rb2 41. Qc1 Rb8 42. Qc4 Rf8 43. Bg2 Rf5 44. Qb5 Ra8 45. Rac1 Qh2+ 46. Kf1 Qxh4 47. Re2 Raf8 48. Be1 Ne3+ 49. Rxe3 Rxf2+ 0-1

[Event "Hessen-ch Seniors op 10th"]
[Site "Bad Sooden-Allendorf"]
[Date "2014.04.27"]
[Round "2"]
[White "Thieme, Hans"]
[Black "Gebuhr, Guenter"]
[Result "1-0"]
[WhiteElo "2124"]
[BlackElo "1980"]
[PlyCount "53"]
[EventDate "2014.04.26"]
[EventType "swiss"]
[EventRounds "9"]
[EventCountry "GER"]
[SourceTitle "EXT 2018"]
[Source "ChessBase"]
[SourceDate "2017.10.13"]
[SourceVersion "1"]
[SourceVersionDate "2017.10.13"]
[SourceQuality "1"]

1. e4 c5 2. Nf3 Nc6 3. Bb5 g6 4. c3 Bg7 5. d4 cxd4 6. cxd4 Qb6 7. Nc3 Nxd4 8. Nd5 Nxf3+ 9. Qxf3 Qd8 10. Bf4 e5 11. Qc3 Kf8 12. Bxe5 Bxe5 13. Qxe5 Qa5+ 14. b4 Qxb5 15. Qxh8 b6 16. Qd4 Ba6 17. Nc3 Qg5 18. b5 Qxg2 19. 0-0-0 Qg5+ 20. Kb2 Bb7 21. Qxd7 Qe7 22. Qxe7+ Kxe7 23. Nd5+ Bxd5 24. Rxd5 Nf6 25. Rd4 Rc8 26. a4 Rc5 27. Rhd1 1-0

[Event "EU-ch Seniors 65 14th"]
[Site "Porto"]
[Date "2014.03.17"]
[Round "9"]
[White "Santos, Julio Fernandes"]
[Black "Thieme, Hans"]
[Result "0-1"]
[WhiteElo "1918"]
[BlackElo "2130"]
[PlyCount "140"]
[EventDate "2014.03.09"]
[EventType "swiss"]
[EventRounds "9"]
[EventCountry "POR"]
[SourceTitle "CBM 159 Extra"]
[Source "ChessBase"]
[SourceDate "2014.04.24"]
[SourceVersion "1"]
[SourceVersionDate "2014.04.24"]
[SourceQuality "1"]

1. Nf3 c5 2. g3 b5 3. Bg2 Bb7 4. 0-0 Nf6 5. d3 d6 6. e4 Nbd7 7. a4 a6 8. b3 g6 9. Bb2 Bg7 10. Nbd2 0-0 11. Re1 e5 12. Nf1 Qc7 13. Ne3 Bc6 14. a5 Rad8 15. c4 b4 16. g4 Kh8 17. Bc1 Rg8 18. Bd2 Nf8 19. h3 h6 20. Qc1 Kh7 21. Nf1 Ne6 22. Ng3 Rh8 23. Kh2 Kg8 24. Ne2 Bd7 25. Nfg1 g5 26. Bf3 Kf8 27. Ng3 Nd4 28. Bd1 Ke7 29. Be3 Nc6 30. Re2 Rdg8 31. Rea2 Kd8 32. Be2 Bf8 33. Qd1 Be7 34. Kg2 Kc8 35. Bf3 Kb8 36. N1e2 Qc8 37. Nf5 Rh7 38. Neg3 Qc7 39. Qe2 Ne8 40. Nxe7 Nxe7 41. Nf5 Nc6 42. Kg3 Qc8 43. Qd2 f6 44. Nxd6 Nxd6 45. Bxc5 Nb7 46. Bxb4 Nd4 47. Qd1 h5 48. Bc3 hxg4 49. Bxg4 Bxg4 50. Qxg4 Ne2+ 51. Rxe2 Qe8 52. Re3 Rgh8 53. Kg2 Nc5 54. Rd1 Rh4 55. Qf3 Ne6 56. Rh1 Nf4+ 57. Kf1 g4 58. Qd1 gxh3 59. Qd2 h2 60. d4 Rg4 61. Rg3 Rxg3 62. fxg3 Qd7 63. dxe5 Qh3+ 64. Ke1 Qxg3+ 65. Kd1 Qf3+ 66. Kc2 Qxe4+ 67. Kb2 Nd3+ 68. Ka3 Qxh1 69. Qxd3 Qc6 70. exf6 h1Q 0-1

[Event "EU-ch Seniors 65 14th"]
[Site "Porto"]
[Date "2014.03.13"]
[Round "5"]
[White "Thieme, Hans"]
[Black "Green, Per"]
[Result "1-0"]
[WhiteElo "2130"]
[BlackElo "1999"]
[PlyCount "134"]
[EventDate "2014.03.09"]
[EventType "swiss"]
[EventRounds "9"]
[EventCountry "POR"]
[SourceTitle "CBM 159 Extra"]
[Source "ChessBase"]
[SourceDate "2014.04.24"]
[SourceVersion "1"]
[SourceVersionDate "2014.04.24"]
[SourceQuality "1"]

1. e4 e6 2. d4 d5 3. Nc3 Bb4 4. Bd3 c5 5. exd5 Qxd5 6. Bd2 Bxc3 7. Bxc3 cxd4 8. Bxd4 e5 9. Bc3 Nc6 10. Qe2 Nf6 11. 0-0-0 Bg4 12. f3 Be6 13. Bxh7 Qxa2 14. Bd3 0-0-0 15. Bxe5 Nxe5 16. Qxe5 Rh5 17. Qc3+ Kb8 18. Ne2 Rc8 19. Qa3 Qd5 20. Kb1 Qe5 21. Nc3 a6 22. Ne4 Ne8 23. Ng3 Rg5 24. Rhe1 Qc7 25. Rd2 Ra5 26. Qb4 Ba2+ 27. Kc1 Bc4 28. Kd1 Bxd3 29. cxd3 Ra1+ 30. Ke2 Qe5+ 31. Qe4 Rxe1+ 32. Kxe1 Qg5 33. f4 Qh4 34. Kf2 Qxh2 35. Qe5+ Ka8 36. Qf5 Rc1 37. Ne2 Qh4+ 38. Ke3 Rc6 39. g3 Qe7+ 40. Kf3 Nf6 41. Nd4 Rc5 42. Qh3 Qd6 43. Ne2 Qc6+ 44. Kf2 Rh5 45. Qg2 Ng4+ 46. Kg1 Qb6+ 47. d4 Qb4 48. Nc3 Rh2 49. Qxh2 Nxh2 50. Kxh2 f5 51. d5 Qd6 52. Kg2 b5 53. Kf3 b4 54. Nd1 Kb8 55. Ne3 Qg6 56. d6 Kc8 57. d7+ Kd8 58. g4 fxg4+ 59. Nxg4 Qc6+ 60. Ke3 Qc5+ 61. Ke4 Qc1 62. Rd3 Qxb2 63. Ne5 Qg2+ 64. Kf5 g6+ 65. Kf6 Qc2 66. Nf7+ Kc7 67. d8Q+ Kc6 1-0

[Event "EU-chT Seniors 15th"]
[Site "Dresden"]
[Date "2013.07.27"]
[Round "8"]
[White "Juergens, Peter1111"]
[Black "Thieme, Hans"]
[Result "1/2-1/2"]
[WhiteElo "2015"]
[BlackElo "2084"]
[PlyCount "57"]
[EventDate "2013.07.20"]
[EventType "team-swiss"]
[EventRounds "9"]
[EventCountry "GER"]
[SourceTitle "CBM 155 Extra"]
[Source "ChessBase"]
[SourceDate "2013.08.26"]
[SourceVersion "1"]
[SourceVersionDate "2013.08.26"]
[SourceQuality "1"]
[WhiteTeam "Niedersachsen Freibauer"]
[BlackTeam "Hessen II"]
[WhiteTeamCountry "GER"]
[BlackTeamCountry "GER"]

1. d4 Nf6 2. Nf3 e6 3. Bf4 c5 4. e3 cxd4 5. exd4 b6 6. Nbd2 Bb7 7. h3 d6 8. Bb5+ Nbd7 9. 0-0 a6 10. Bd3 Be7 11. a4 0-0 12. Re1 Re8 13. Ne4 Nxe4 14. Bxe4 Bxe4 15. Rxe4 Rc8 16. c3 Qc7 17. Re1 Nf6 18. Qd3 Qc4 19. Qxc4 Rxc4 20. Nd2 Rc6 21. Nf1 Nd5 22. Bd2 Rb8 23. Ne3 Nxe3 24. Bxe3 b5 25. axb5 axb5 26. Bd2 d5 27. Ra7 Bd8 28. Rea1 Kf8 29. Ra8 1/2-1/2

[Event "Hessen-ch Seniors op 09th"]
[Site "Bad Sooden-Allendorf"]
[Date "2013.04.26"]
[Round "7"]
[White "Szenetra, Werner"]
[Black "Thieme, Hans"]
[Result "1-0"]
[WhiteElo "2176"]
[BlackElo "2083"]
[PlyCount "69"]
[EventDate "2013.04.20"]
[EventType "swiss"]
[EventRounds "9"]
[EventCountry "GER"]
[SourceTitle "EXT 2019"]
[Source "ChessBase"]
[SourceDate "2018.10.10"]
[SourceVersion "1"]
[SourceVersionDate "2018.10.10"]
[SourceQuality "1"]

1. e4 c5 2. Nf3 e6 3. d3 d6 4. g3 Nf6 5. Bg2 b5 6. 0-0 Bb7 7. Re1 Be7 8. Nbd2 0-0 9. c3 Qc7 10. Qe2 Nbd7 11. b3 Nb6 12. Bb2 a5 13. a3 Nfd7 14. Rac1 Bf6 15. d4 c4 16. a4 bxa4 17. bxc4 Ba6 18. e5 Nxc4 19. Nxc4 Bxc4 20. exd6 Qc8 21. Qd2 Rb8 22. Ne5 Bxe5 23. dxe5 Qc5 24. Ra1 Rb3 25. Rxa4 Rfb8 26. Qd4 Bb5 27. Ra2 Bc4 28. Ra4 Bb5 29. Ra2 Bc4 30. Ba3 Qb5 31. Raa1 Nb6 32. Qc5 Nd5 33. d7 Nb6 34. Bc6 Rxa3 35. Bxb5 1-0

[Event "Hessen-ch Seniors op 09th"]
[Site "Bad Sooden-Allendorf"]
[Date "2013.04.23"]
[Round "4"]
[White "Thieme, Hans"]
[Black "Pape, Manfred"]
[Result "0-1"]
[WhiteElo "2083"]
[BlackElo "2199"]
[PlyCount "84"]
[EventDate "2013.04.20"]
[EventType "swiss"]
[EventRounds "9"]
[EventCountry "GER"]
[SourceTitle "EXT 2019"]
[Source "ChessBase"]
[SourceDate "2018.10.10"]
[SourceVersion "1"]
[SourceVersionDate "2018.10.10"]
[SourceQuality "1"]

1. e4 c6 2. d4 g6 3. Nc3 Bg7 4. Be3 d6 5. f4 b5 6. Bd3 Nf6 7. Nf3 0-0 8. 0-0 Ng4 9. Bf2 Nxf2 10. Rxf2 Qb6 11. e5 Bg4 12. h3 Bxf3 13. Qxf3 d5 14. Ne2 e6 15. g4 c5 16. dxc5 Qxc5 17. g5 Nc6 18. a3 a5 19. Kg2 b4 20. Rff1 Rfb8 21. a4 Ra7 22. b3 Bf8 23. h4 Rc7 24. h5 Bg7 25. Rh1 Nd4 26. Nxd4 Qxd4 27. Rad1 Qb6 28. Qh3 Rbc8 29. Rd2 Qd4 30. Rf2 Rc3 31. hxg6 hxg6 32. Kf1 Kf8 33. Qf3 R8c7 34. Rh3 Kg8 35. Rfh2 Rxd3 36. Qxd3 Qxf4+ 37. Rf2 Qc1+ 38. Kg2 Rc3 39. Qb5 Qxg5+ 40. Kf1 Rxh3 41. Qe8+ Kh7 42. Qxf7 Qc1+ 0-1

[Event "MVP-ch Seniors op 12th"]
[Site "Binz"]
[Date "2012.11.29"]
[Round "2"]
[White "Fritsch, Juergen"]
[Black "Thieme, Hans"]
[Result "0-1"]
[WhiteElo "1778"]
[BlackElo "1943"]
[PlyCount "68"]
[EventDate "2012.11.28"]
[EventType "swiss"]
[EventRounds "9"]
[EventCountry "GER"]
[SourceTitle "EXT 2014"]
[Source "ChessBase"]
[SourceDate "2013.11.20"]
[SourceVersion "1"]
[SourceVersionDate "2013.11.20"]
[SourceQuality "1"]

1. e4 c5 2. Nf3 e6 3. d4 cxd4 4. Nxd4 a6 5. Nc3 Qc7 6. f4 d6 7. Bd3 b5 8. 0-0 Nf6 9. Be3 Bb7 10. a3 Nbd7 11. Qe2 Be7 12. Bf2 0-0 13. g4 g6 14. g5 Nh5 15. Qd2 e5 16. fxe5 dxe5 17. Nde2 Nb6 18. Be3 Rfd8 19. Qe1 Nc4 20. Bxc4 Qxc4 21. b3 Qe6 22. Rf2 Rac8 23. b4 Rc4 24. Rd1 Rxd1 25. Qxd1 Bxe4 26. Nxe4 Rxe4 27. Qd2 Rg4+ 28. Kf1 Qc6 29. Ng1 Ng7 30. Nf3 Nf5 31. Nxe5 Qh1+ 32. Ke2 Re4 33. Rxf5 gxf5 34. Qc3 Qxh2+ 0-1

[Event "GER-chT Seniors 21st"]
[Site "Berlin"]
[Date "2012.09.13"]
[Round "4.48"]
[White "Thieme, Hans"]
[Black "Ranker, Klemens"]
[Result "0-1"]
[WhiteElo "1949"]
[BlackElo "1783"]
[PlyCount "58"]
[EventDate "2012.09.10"]
[EventType "team-swiss"]
[EventRounds "7"]
[EventCountry "GER"]
[SourceTitle "CBM 150 Extra"]
[Source "ChessBase"]
[SourceDate "2012.10.19"]
[SourceVersion "1"]
[SourceVersionDate "2012.10.19"]
[SourceQuality "1"]
[WhiteTeam "Hessen Seniors II"]
[BlackTeam "Rheinland Pfalz Seniors II"]
[WhiteTeamCountry "GER"]
[BlackTeamCountry "GER"]

1. e4 c5 2. Nf3 Nc6 3. Bb5 d6 4. 0-0 Bd7 5. Re1 g6 6. c3 Bg7 7. d4 cxd4 8. cxd4 Qb6 9. Bxc6 bxc6 10. e5 d5 11. Nc3 Bg4 12. Na4 Qb5 13. b3 e6 14. Re3 Bf8 15. Rc3 Rc8 16. Nc5 Qb4 17. Bb2 h5 18. Rac1 Bh6 19. Nd3 Qb6 20. R1c2 Bf8 21. h3 Bf5 22. Nh4 Be4 23. Kh1 g5 24. Nf3 g4 25. Ng5 gxh3 26. Nxh3 Be7 27. f3 Bf5 28. Rc1 Nh6 29. Nc5 Rg8 0-1